Statystyki dla KAŻDY użytkownik, który ma polecany Quiz w języku polskim

Kliknij tutaj aby rozwiązać quiz!

Ogólne statystyki

  • Ten quiz został rozwiązany 24 razy
  • Średni wynik to 3 z 43

Statystyki odpowiedzi

#Użytkownik% Poprawnych
3Jato3
45%
136youtubeplayer
45%
280SaturnPL
36%
152Levisek27PL
27%
50Stewart
23%
30Volkswagen
18%
1Anonim6997
9%
2Jerry928
9%
31skukka
9%
28Togoland
9%
1BolyaiAnna
5%
2ChomikowaDama
5%
2CringeDragon
5%
1Gassu
5%
3GeoPhilia
5%
1KingEureka
5%
19miki2003
5%
1relessness
5%
2savik1
5%
3scambiandJerry
5%
1Akula
0%
1Arcolris
0%
3BehindPL
0%
21Daigoro
0%
1Devvik2
0%
1FlabberBapper
0%
1HinesBrothers
0%
2IAB
0%
1kik891
0%
1Kvkq
0%
1Larry2k
0%
4Lucknowite
0%
1maciekzks
0%
1NINJAQKk
0%
1Olson07
0%
2OskarRB
0%
1QuantumMechanist
0%
1QWER12
0%
3SajmoneX
0%
3Saranghaeyosso
0%
1SWATkun
0%
1UG332
0%
2Viktorlaki
0%

Rozkład punktacji

Percentyl według liczby udzielonych odpowiedzi

Procent ludzi z każdym wynikiem

Twoja historia wyników

Nie rozwiązałeś tego quizu